Fruits Word Scramble - Statistics

General Stats
  • This quiz has been taken 67 times
  • The average score is 26 of 32
Answer Stats
Hint Answer % Correct
plape apple
98%
edat date
98%
ifg fig
98%
rpae pear
98%
naaban banana
96%
ilem lime
96%
ongma mango
96%
iikw kiwi
94%
pepniplae pineapple
94%
umlp plum
94%
mgareaponte pomegranate
94%
retmwlaeon watermelon
94%
apyaap papaya
93%
cphea peach
93%
dvaocoa avocado
91%
psrebrayr raspberry
91%
rywseartbr strawberry
89%
eybrlabcrk blackberry
87%
lubbryere blueberry
87%
reyrch cherry
87%
ocntocu coconut
83%
ufgrepirat grapefruit
83%
ebracrynr cranberry
76%
lvoie olive
72%
rpotaic apricot
65%
oomelp pomelo
65%
fjturaikc jackfruit
63%
nqecui quince
63%
qukmatu kumquat
59%
rucrnta currant
46%
dmnarati tamarind
44%
cetnearni nectarine
37%
No matching quizzes found
Score Distribution
Percent of People with Each Score
Percentile by Number Answered
Your Score History
You have not taken this quiz